000 00383nam a2200157Ia 4500
003 GCL
008 140319s9999 xx 000 0 ara d
040 _aGCL /
_cGCL
082 0 4 _aد
_b050
100 1 _aنظمى لوقا
245 1 0 _aرقيق الارض (اقرا 63 ) /
_cنظمى لوقا
300 _a122\
490 _aاقرأ
_v0
650 0 4 _aالقصص
942 _2ddc
_cBK
999 _c48855
_d48855